Responses for Show #5350 - Friday, December 7, 2007

Contestants

[<< previous game]

Jenn Cannon, a physician from Ann Arbor, Michigan

Jason Ross, an engineer from Folsom, California

Andy Kingsbury, a radio producer from Winterville, North Carolina (whose 1-day cash winnings total $9,199)

[next game >>]

Jeopardy! Round responses

DREW BARRYMORE LOVES MUSIC
SIGNS & SYMBOLS
FLOWERS
TESTING, TESTING
LITERARY GEOGRAPHY
ANAGRAMMED ANIMALS
    $200 30
Elton John

Jason
    $200 2
a unicorn

Jason
    $200 10
bulbs

Jenn
    $200 17
nuclear weapons

Jason
    $200 14
Gone with the Wind

Jenn
    $200 1
a rooster

Jason
    $400 29
the Bee Gees

Andy
    $400 3
(Alex: [*], the ram.)

Aries

Andy
    $400 11
orchids

Jason
    $400 18
an allergic reaction

Jenn
    $400 22
India

Jason
    $400 4
a wallaby

Jason
    $600 28
(Andy: Who is Kristofferson?)
...
(Andy: Wrong one.)

Barbra Streisand

Andy
Triple Stumper
    $600 7
the golden calf

Jenn
    $600 12
(Jenn: What's a bouquet?)
(Jason: What is a veil?)

a bridal wreath

JasonJenn
Triple Stumper
    $600 19
(Jenn: What is the eardrum?)
(Jason: What is the pinna?)

the external ear (or the auditory canal)

JasonJenn
Triple Stumper
    $600 23
London

Jenn
    $600 5
a gibbon

Andy
    $800 27
(Duke) Ellington

Andy
    $800 8
Andrew Jackson

Triple Stumper
    $1,000 15
(Alex: Wondered why you went away from it a few minutes ago, but it could benefit you a great deal.)

60

Jenn
    $800 20
(Jenn: What is artificial intelligence, or a robot?)

a computer

JasonJenn
    $800 24
Paris

Jason
    $800 6
a weasel

Jenn
    $1000 26
(Andy: What is The Everly Brothers?)

George & Ira Gershwin

Andy
Triple Stumper
    $1000 9
the Romanovs

Jenn
    $1000 16
the anemone

Triple Stumper
    $1000 21
the means test

Jason
    $1000 25
(Alex: You are right, with a minute to go.)

the Hudson River

Andy
    $1000 13
a capybara

Jason

Scores at the first commercial break (after clue 15):

Andy Jason Jenn
$1,000 $1,600 $3,200

Scores at the end of the Jeopardy! Round:

Andy Jason Jenn
$1,600 $4,400 $2,800

Double Jeopardy! Round responses

U.S. HISTORY
MOVIE COMEDY QUOTES
(Alex: You have to ID the film, of course.)
A FEW GENTLEMEN OF VERONA
LANGUAGES
FOOD
"T" TIME
    $400 20
camels

Andy
    $400 1
Vacation

Jenn
    $400 17
Germany

Andy
    $400 10
Latin & Greek

Andy
    $400 2
Jell-O

Jenn
    $400 7
a teller

Jason
    $800 23
the Mexican-American War

Andy
    $800 18
Airplane!

Jenn
    $800 19
Cana

Jason
    $800 13
Ukranian

Andy
    $800 3
mole

Jenn
    $800 8
(Alex: And the "T" this time is [*].)

transmigration

Triple Stumper
    $1,000 25
(Jenn: What is General Electric?)
(Alex: No, you picked the wrong one. What is [*]? Less than a minute to go now.)

Westinghouse

Jenn
    $1200 21
Ghostbusters

Andy
    $1200 26
the Metropolitan Opera

Jenn
    $1200 16
(Andy: What is Czech?)
(Jason: What is Croatian?)

Polish

AndyJason
Triple Stumper
    $1200 4
an artichoke

Jenn
    $1200 9
traction

Jenn
    $1600 30
Panama City

Jenn
    $1600 22
Blazing Saddles

Jason
    $1600 27
librettos

Jenn
    $1600 15
Thai

Jenn
    $2,000 5
(Jenn: What is...)
[The time expiry signal sounds.]
(Jen: ...steak?)
(Alex: No. "What is [*]?" [*] maison.)

pâté

Jenn
    $1600 11
a truncheon

Jenn
    $2000 29
The Hague

Jason
    $2000 24
Talladega Nights (The Ballad of Ricky Bobby)

Jenn
    $2000 28
(Jason: What is H.M.S. Pinafore?)

Madame Butterfly

JasonJenn
    $2000 14
(Jenn: What's Bosnian?)

Albanian

AndyJenn
    $2000 6
onion soup

Andy
    $2000 12
turn

Jason

Scores at the end of the Double Jeopardy! Round:

Andy Jason Jenn
$8,400 $8,000 $14,200

[wagering suggestions for these scores]

Final Jeopardy! Round responses

MOTOWN SINGERS
JasonWho is Chuck Berry
$3,700
AndyWho is Marvin Gaye?
$5,801
JennWho is Marvin Gaye?
$2,601
Marvin Gaye

Final scores:

Andy Jason Jenn
$14,201 $4,300 $16,801
2nd place: $2,000 3rd place: $1,000 New champion: $16,801

Game dynamics:

Coryat scores:

Andy Jason Jenn
$8,400 $8,000 $17,000
13 R,
3 W
16 R,
4 W
21 R
(including 1 DD),
6 W
(including 2 DDs)

Combined Coryat: $33,400

[game clues] [game scores] [suggest correction]

Game tape date: 2007-08-28
The J! Archive is created by fans, for fans. Scraping, republication, monetization, and malicious use prohibited; this site may use cookies and collect identifying information. See terms. The Jeopardy! game show and all elements thereof, including but not limited to copyright and trademark thereto, are the property of Jeopardy Productions, Inc. and are protected under law. This website is not affiliated with, sponsored by, or operated by Jeopardy Productions, Inc. Join the discussion at JBoard.tv.